Top 10 des fruits les plus consommés dans le monde - Statistiques

Statistiques générales
  • Ce quiz a été pris 290 fois
  • Le résultat moyen est 6 sur 10
Statistiques - réponses
Nb de consommateur Fruit % Correct
~2,9 milliards de personnes Pomme
98%
~6,0 milliards de personnes Banane
96%
~2,5 milliards de personnes Orange
75%
~6,2 milliards de personnes Tomate
67%
~1,8 milliard de personnes Mangue
58%
~2,6 milliards de personnes Raisin
57%
~900 millions de personnes Ananas
55%
~3,5 milliards de personnes Pastèque
54%
~1,1 milliard de personnes Clémentine
49%
~1,3 milliard de personnes Plantain
0%
Aucun quiz correspondant
Distribution des résultats
% des personnes avec chaque résultat
Percentile par nombre de réponses
Votre historique - résultats
Vous n’avez pas pris ce quiz